| 000 | 00683cam a2200241 4500500 | ||
|---|---|---|---|
| 005 | 20260405001715.0 | ||
| 041 | _afre | ||
| 042 | _adc | ||
| 100 | 1 | 0 |
_aTenaillon, Nicolas _eauthor |
| 245 | 0 | 0 | _aBeaux passages |
| 260 | _c2014. | ||
| 500 | _a37 | ||
| 690 | _aAdorno | ||
| 690 | _aCulture | ||
| 690 | _aÉcole de Francfort | ||
| 690 | _aEnregistrement | ||
| 690 | _aMusique | ||
| 690 | _aReproductibilité | ||
| 690 | _aThéorie critique | ||
| 690 | _aWalter Benjamin | ||
| 786 | 0 | _nPhilosophie magazine | 76 | 2 | 2014-02-01 | p. 48-48 | 1951-1787 | |
| 856 | 4 | 1 | _uhttps://shs.cairn.info/magazine-philosophie-magazine-2014-2-page-48?lang=fr&redirect-ssocas=7080 |
| 999 |
_c2050224 _d2050224 |
||